000 004890000a22001810004500
003 MACL
005 20150908123605.0
008 150908b xxu||||| |||| 00| 0 eng d
040 _aMACL
_cMACL
041 _aEnglish
082 _a820.506/SHA
100 _aBhattacharya, Sibajiban
_99193
245 _aBhartrahari And Wittgensein
_bWord And Sentence: Two Perspective
260 _aDelhi
_bSahitaya Academy
_c2004
350 _a150
650 _aLiterature
_99194
942 _cBK
_k820.506
_2ddc
999 _c1462
_d1462